000 00282nam a22001217a 4500
003 OSt
008 150215b xxu||||| |||| 00| 0 eng d
100 1 _aRussell, Thomas H
041 _aeng
245 1 0 _aPictorial History of the World Way for Liberty
260 _b1919
300 _a0 pages
999 _c826
_d826